000
00350 a2200169 4500
001
190190
020
_a
85-16-00
040
_c
Magnum
100
_a
Quintana, Mário
240
1
0
_a
Nariz de vidro
_l
por
245
1
0
_a
Nariz de vidro
300
_a
76
362
0
_a
1984
440
1
_a
Moderna
697
_a
LITERATURA INFANTO-JUVENIL
942
_c
BK
999
_c
190190
_d
190190